000 01117nam a2200253Ia 4500
001 10765
003 GE_BSU
008 181216s||||||||xx |||||||||||||| ||und||
020 _a9789941042225
040 _cGE_BSU
080 _a331.101.23+316.4.063.22
100 _aდიურკემი,ემილ.
245 _aსოციალური შრომის დანაწილება=De la division du travail social.
245 _cთარგმანი ფრანგულიდან:დოდო ლაბუჩიძე-ხოფერია; სამეცნ.რედ:დემურ ქერქაძე.
250 _a1-ლი ქართ.გამოც.
260 _aთბილისი
260 _bCarpe diem; [ალექსანდრე ალადაშვილი]
260 _c2012
300 _a576გვ;20სმ.
300 _bბიბლიოგრ.ტექსტ.შენიშვნ.
541 _h19ლ.
653 _aსოციალური შრომის დანაწილება=De la division du travail social.
942 _cBK
999 _c44015
_d44015